<?xml version="1.0" encoding="UTF-8"?>
<record
    xmlns:xsi="http://www.w3.org/2001/XMLSchema-instance"
    xsi:schemaLocation="http://www.loc.gov/MARC21/slim http://www.loc.gov/standards/marcxml/schema/MARC21slim.xsd"
    xmlns="http://www.loc.gov/MARC21/slim">

  <leader>     nam a22     7a 4500</leader>
  <datafield tag="999" ind1=" " ind2=" ">
    <subfield code="c">146051</subfield>
    <subfield code="d">146049</subfield>
  </datafield>
  <controlfield tag="005">20190130091133.0</controlfield>
  <controlfield tag="008">130708t        mx  ||||| |||| 00| 0 spa d</controlfield>
  <datafield tag="020" ind1=" " ind2=" ">
    <subfield code="a">9682302218 (o.c.)</subfield>
  </datafield>
  <datafield tag="050" ind1="0" ind2="4">
    <subfield code="a">B61 </subfield>
    <subfield code="b">H57 2006</subfield>
  </datafield>
  <datafield tag="240" ind1="0" ind2="0">
    <subfield code="a">Histoire de la philosophie 1. encyclop&#xE9;die de la pl&#xE9;iade.</subfield>
  </datafield>
  <datafield tag="245" ind1="0" ind2="0">
    <subfield code="a">Historia de la filosof&#xED;a Siglo Veintiuno : </subfield>
    <subfield code="b">El pensamiento prefilos&#xF3;fico y oriental: Egipto- Mesopotamia- Palestina- India- China / </subfield>
    <subfield code="c">Dir. Yvon Belaval.  tr. P&#xE9;rez Ledesma</subfield>
  </datafield>
  <datafield tag="250" ind1=" " ind2=" ">
    <subfield code="a">13a ed. </subfield>
  </datafield>
  <datafield tag="260" ind1=" " ind2=" ">
    <subfield code="a">M&#xE9;xico :</subfield>
    <subfield code="b">Siglo Veintiuno,</subfield>
    <subfield code="c">2006</subfield>
  </datafield>
  <datafield tag="300" ind1=" " ind2=" ">
    <subfield code="a">v. ;</subfield>
    <subfield code="c">18 cm.</subfield>
  </datafield>
  <datafield tag="504" ind1=" " ind2=" ">
    <subfield code="a">Incluye bibliografias e indice</subfield>
  </datafield>
  <datafield tag="505" ind1="0" ind2=" ">
    <subfield code="a">contenido: v.1. El pensamiento prefilos&#xF3;fico y oriental : Egipto - Mesopotamia - Palestina - India - China -- v. 2.La filosof&#xED;a griega -- v. 3.Del mundo Romano al Islam Medieval : Roma, Bizancio, el neoplatonismo, la filosof&#xED;a jud&#xED;a medieval, la filosof&#xED;a isl&#xE1;mica -- v. 4.La filosof&#xED;a medieval en Occidente -- v. 5.La filosof&#xED;a en el Renacimiento -- v. 6.Racionalismo,Empirismo,Ilustraci&#xF3;n -- v. 7.Filosof&#xED;a Alemana de Leibniz a Hegel -- v. 8.La filosof&#xED;a en el siglo XIX -- v. 9.Las filosof&#xED;as nacionales siglos XIX y XX -- v. 10.La filosof&#xED;a en el siglo XX -- v. 11.La filosof&#xED;a en el oriente : la filosof&#xED;a isl&#xE1;mica, india y china hasta nuestros d&#xED;as </subfield>
  </datafield>
  <datafield tag="650" ind1=" " ind2="7">
    <subfield code="2">Lemb.</subfield>
    <subfield code="a">Filosof&#xED;a</subfield>
    <subfield code="x">Historia</subfield>
  </datafield>
  <datafield tag="700" ind1="1" ind2=" ">
    <subfield code="a">Belaval, Yvon </subfield>
    <subfield code="e">dir.</subfield>
  </datafield>
  <datafield tag="700" ind1="1" ind2=" ">
    <subfield code="4"> </subfield>
    <subfield code="a">P&#xE9;rez Ledesma, Manuel</subfield>
    <subfield code="e">tr. </subfield>
  </datafield>
  <datafield tag="942" ind1=" " ind2=" ">
    <subfield code="2">lcc</subfield>
    <subfield code="c">LIB</subfield>
  </datafield>
  <datafield tag="952" ind1=" " ind2=" ">
    <subfield code="1">0</subfield>
    <subfield code="2">lcc</subfield>
    <subfield code="4">0</subfield>
    <subfield code="7">0</subfield>
    <subfield code="a">LIC-020</subfield>
    <subfield code="b">LIC-020</subfield>
    <subfield code="c">GENERAL</subfield>
    <subfield code="d">2018-12-07</subfield>
    <subfield code="e">UA-GENERICO</subfield>
    <subfield code="f">13a ed. </subfield>
    <subfield code="i">H</subfield>
    <subfield code="k">EH</subfield>
    <subfield code="o">B61 H57 2006</subfield>
    <subfield code="p">BFF000031556</subfield>
    <subfield code="r">2018-12-07 00:00:00</subfield>
    <subfield code="t">C:1 V:5</subfield>
    <subfield code="y">LIB</subfield>
  </datafield>
</record>
